Object-oriented bayesian networks for participatory water management : Two case studies in Spain /

সংরক্ষণ করুন:
গ্রন্থ-পঞ্জীর বিবরন
অন্যান্য লেখক: Bromley, J., Carmona, G., Garcia-Arostegui, J. L., Molina, J. L., Varela-Ortega, C.
বিন্যাস: প্রবন্ধ
ভাষা:English
বিষয়গুলি:
ট্যাগগুলো: ট্যাগ যুক্ত করুন
কোনো ট্যাগ নেই, প্রথমজন হিসাবে ট্যাগ করুন!
Thư viện lưu trữ: Thư viện Trường Đại học Đà Lạt
LEADER 01154nam a2200373 4500
001 DLU110129705
005 ##20111223
040 # # |a DLU  |b eng 
041 # # |a eng 
044 # # |a us 
245 # # |a Object-oriented bayesian networks for participatory water management : Two case studies in Spain /  |c G. Carmona ... [et al.].  
653 # # |a Bayesian analysis  
653 # # |a Case studies 
653 # # |a Decision support systems 
653 # # |a Groundwater management 
653 # # |a Integrated systems 
653 # # |a Knowledge-based systems 
653 # # |a Public participation 
653 # # |a Spain 
700 # # |a Bromley, J. 
700 # # |a Carmona, G. 
700 # # |a Garcia-Arostegui, J. L. 
700 # # |a Molina, J. L. 
700 # # |a Varela-Ortega, C. 
773 # # |t Journal of Water Resources Planning and Management  |g Vol. 137, no. 4 (July/August 2011), p. 366-375 
920 # # |a Phòng Tạp chí -- Trung tâm Thông tin - Thư viện Trường Đại học Đà Lạt 
994 # # |a DLU 
900 # # |a True 
911 # # |a Trương Bảo Trâm Anh 
925 # # |a G 
926 # # |a A 
927 # # |a BB 
980 # # |a Thư viện Trường Đại học Đà Lạt